000
00322nam a22001337a 4500
008
180922b xxu||||| |||| 00| 0 eng d
020
_a
9780136267973
041
_a
eng
080
_a
159.9
100
_a
49
101
_a
PSI
245
_a
Readings in the History and Systems of Psychology
_c
Brennan,J.F
942
_2
udc
_c
BK
999
_c
48274
_d
48274